000 00326nam a2200133 a 4500
005 20140414093835.0
008 030611s19uu xx 00 eng d
050 _aCDR 512
_bMUL 1995 L-I
245 _aMultimedia Algebra 1.
650 _aMath
_xInteractive videos.
650 _aAlgebra.
942 _cAVM
999 _c108983
_d108983